000 00362nam a2200157Ia 4500
008 210210b1956 xxu||||| |||| 00| 0 eng d
041 _aeng
082 _a823/366
100 _aSHAKESPEARE (William)
245 _aRichard II
260 _aLondon
_bMethuen & Co Ltd.
_c1956
650 _aRichard
650 _aII
690 _aEnglish Drama
906 _a013910
999 _c132981
_d132981